000 01509cam a22004574i 4500
003 PE-LiUPU
005 20250731173455.0
008 150616s r 000 0 d
020 _a0664252877
035 _a(Sirsi) i9780664252878
040 _aPE-LiUPU
_bspa
_cPE-LiUPU
_erda
049 _aPRUA
082 0 4 _a227.1077
_bS84
_221
100 1 _aStuhlmacher, Peter,
_eautor.
245 1 0 _aPaul's Letter to the Romans a Commentary /
_cPeter Stuhlmacher.
264 1 _aLouisville, Kentuchy :
_bWestminster/John Knox Press,
_c1994.
300 _a269 páginas ;
_c23 centímetros
336 _atext
_2rdacontent
337 _aunmediated
_2rdamedia
338 _avolume
_2rdacarrier
505 0 _aComentarios del libro de Romanos Romanos.
526 _aSEG42
526 _aSEG41
526 _aSEG40
526 _aSEG39
526 _aP94
526 _aP87
526 _aP86
526 _aP85
526 _aP77
526 _aP76
526 _aP35
630 _aBiblia.
_pN.T.
_pRomanos
_xComentarios.
910 _ajck
_bjvq
_cjck
942 _2ddc
_cBOOK
949 _a227.1077 S84
_wDEWEY
_c1
_i39947
_lCCODEBUL1
_mBUL
_r0
_sY
_tBOOK
_u2015-6-16
_xTEOLOGIA
_zUNKNOWN
_0COMPRA
_o.STAFF. Colección General
994 _aC0
_bPEPRU
596 _a1
999 _a227.1077 S84
_wDEWEY
_c57723
_i39947
_d57723
_f2021-11-9
_g5
_lCCODEBUL1
_mBUL
_q2
_r0
_sY
_tBOOK
_u2015-6-16
_xTEOLOGIA
_zUNKNOWN
_0COMPRA
_o.STAFF. Colección General
980 _81
_gALBERTO SANCHEZ Responsable de Automatización